000 01110nam0a22002771 4500
001 v19\rc\1454904
005 20260407113212.0
035 _a(NLR Aleph) 004594613
090 _a2703797
_c2703797
100 _a20060620d1874 |||y0rusy50 ca
101 0 _arus
102 _aRU
105 _ay z |||||
200 1 _aИнструкция для работ по отграничению лесных наделов и определению лесного налога с государственных крестьян Полтавской и Черниговской губерний
210 _aСанкт-Петербург
_d[1874]
215 _a26 с.
_d21
300 _aПеч. по распоряжению М-ва гос. имуществ
309 _aБез тит. л. и обл.
710 0 1 _aРоссия
_bМинистерство государственных имуществ
_3RU\NLR\AUTH\889942724
_9380460
801 0 _aRU
_bNLR
_gpsbo
801 0 _aRU
_bRuMoRGB
_2psbo
801 1 _aRU
_bProSoft-M
_2rusmarc
852 _aNLR
_j18.109.8.157
899 _aБАН
942 _cBOOK
980 _aNB